Philadelphia Phillies Managers by Picture - Statistics

General Stats
  • This quiz has been taken 77 times
  • The average score is 7 of 56
Answer Stats
Picture Hint Answer % Correct
2020-2022 Joe Girardi
87%
2005-2013 Charlie Manuel
80%
2022-Present Rob Thomson
71%
2018-2019 Gabe Kapler
56%
1979-1981 Dallas Green
55%
2013-2015 Ryne Sandberg
53%
2001-2004 Larry Bowa
51%
1997-2000 Terry Francona
29%
1960-1968 Gene Mauch
25%
1991-1996 Jim Fregosi
25%
2015-2017 Pete Mackanin
24%
1973-1979 Danny Ozark
22%
1988 John Vukovich
20%
1987-1988 Lee Elia
20%
1982-1983 Pat Corrales
20%
1989-1991 Nick Leyva
16%
1972 | 1983-1984 Paul Owens
16%
2004 Gary Varsho
9%
1970-1972 Frank Lucchesi
7%
1884-1890 | 1891-1893 Harry Wright
7%
1955-1958 Mayo Smith
7%
1945-1948 Ben Chapman
5%
1985-1987 John Felske
5%
1890 Bob Allen
4%
1943 Bucky Harris
4%
1948-1952 | 1958-1960 Eddie Sawyer
4%
1934-1938 Jimmie Wilson
4%
1894-1895 Arthur Irwin
2%
1921 Bill Donovan
2%
1968-1969 Bob Skinner
2%
1919-1920 Gavvy Cravath
2%
1969 George Myatt
2%
1897-1898 George Stallings
2%
1904-1906 Hugh Duffy
2%
1890 Jack Clements
2%
1919 Jack Coombs
2%
1915-1918 Pat Moran
2%
1890 Al Reach
0%
1960 Andy Cohen
0%
1923-1926 Art Fletcher
0%
1898-1902 Bill Shettsline
0%
1907-1909 Billy Murray
0%
1896 Billy Nash
0%
1883 Blondie Purcell
0%
1883 Bob Ferguson
0%
1928-1933 Burt Shotton
0%
1903 Chief Zimmer
0%
1939-1941 Doc Prothro
0%
1948 Dusty Cooke
0%
1943-1945 Freddie Fitzsimmons
0%
1938 | 1942 Hans Lobert
0%
1921-1922 Kaiser Wilhelm
0%
1910-1914 Red Dooin
0%
1952-1954 Steve O'Neill
0%
1927 Stuffy McInnis
0%
1954 Terry Moore
0%
No matching quizzes found
Score Distribution
Percent of People with Each Score
Percentile by Number Answered
Your Score History
You have not taken this quiz